Städte Gemeinden mit Busverbindung nach Speyer - Statistiken

Allgemein
  • Dieses Quiz wurde 12 mal gespielt
  • Das Durchschnittsergebnis liegt bei 23 aus 25
Antwortstatistiken
Hint Antwort % Korrekt
Rhein-Neckar-Kreis Altlußheim
100%
Rhein-Pfalz-Kreis Dudenhofen
100%
Rhein-Pfalz-Kreis Hanhofen
100%
Rhein-Pfalz-Kreis Harthausen
100%
BW Heidelberg
100%
Rhein-Neckar-Kreis Hockenheim
100%
RLP Landau
100%
RLP Ludwigshafen
100%
Rhein-Neckar-Kreis Neulußheim
100%
RLP Neustadt (Weinstraße)
100%
Rhein-Pfalz-Kreis Otterstadt
100%
Rhein-Neckar-Kreis Reilingen
100%
Rhein-Pfalz-Kreis Römerberg
100%
Germersheim Schwegenheim
100%
Rhein-Neckar-Kreis Schwetzingen
100%
Rhein-Pfalz-Kreis Waldsee
100%
Germersheim Weingarten
100%
Germersheim Freisbach
83%
Rhein-Neckar-Kreis Ketsch
83%
Rhein-Pfalz-Kreis Neuhofen
83%
Rhein-Neckar-Kreis Oftersheim
67%
Rhein-Neckar-Kreis Walldorf
67%
Rhein-Neckar-Kreis Wiesloch
67%
Südliche Weinstraße Gommersheim
50%
Südliche Weinstraße Hochstadt
50%
Keine übereinstimmenden Quizze gefunden
Verteilung der Resultate
Anzahl Personen mit jedem Resultat
Perzentil nach korrekt beantworteten Fragen
Ihre Resultats-Entwicklung
Sie haben dieses Quiz noch nicht gespielt